ČSN EN 13523-0 (03 8761) : Kontinuálně lakované kovové pásy - Metody zkoušení - Část 0: Obecný úvod

Saved in:
Bibliographic Details
Format: Book
Language:Czech
Published: Praha Úřad pro technickou normalizaci, metrologie a státní zkušebnictví 2022
Subjects:
Tags: Add Tag
No Tags, Be the first to tag this record!

MARC

LEADER 00000nam a22000003a 4500
001 0105483
003 SK-STU
005 20231010100410.1
007 ta
008 231010s ----xo-----e------000-0-----d
040 |a STU  |b slo 
041 0 |a cze 
044 |a xr 
245 1 0 |a ČSN EN 13523-0 (03 8761) :  |b Kontinuálně lakované kovové pásy - Metody zkoušení - Část 0: Obecný úvod 
260 |a Praha  |b Úřad pro technickou normalizaci, metrologie a státní zkušebnictví  |c 2022 
300 |a 9 s. 
500 |a Touto nermou se nahrazuje ČSN ISO 13523-0 (03 8761) z ledna 2015 
650 0 7 |a kvalita 
650 0 7 |a manažment 
996 |b 284M089434  |c M* N-1729-1  |l MMKN  |s A  |a 24  |w 0105483_0001